00874nam a2200277 i 450000100060000000300090000600500170001500700030003200800410003501600160007602000180009204000210011008000120013110000430014324500350018626000360022130000220025749000250027950000370030460000380034174000120037983000330039185200330042499900170045795201220047419287ES-MaACL20230906152048.0t|020709s1989 sp ||||0| spa d7 zSIC92004511 a84-7720-099-8 aM-BN bspa cSIC a242:2321 aLópez Benedí, Juan Antonio.97345310aIosha / cJuan A. L. Benedí. aBarcelona : bObelisco, c1989. a110 p. ; c21 cm.1 aLa aventura interior aTítulo de la cubierta: Ieshua.14aJesucristo-vMeditaciones.9663710 aIeshua.0 aLa aventura interior9184037 aES-MaACLjL-25723 bR.131177 c19287d19287 00104070aATENEOMbATENEOMcDEPO2d2008-01-17eSCl0oL-25723p1019734r2023-02-23 00:00:00w2023-02-23yMONOGRAFIA